Statistics for Slavic languages

Click here to take the quiz!

General Stats

  • This quiz has been taken 89 times
  • The average score is 12 of 13

Answer Stats

SpeakersLanguage% Correct
144 milRussian
100%
55 milPolish
99%
9 milBulgarian
97%
6,9 milSlovak
97%
45 milUkrainian
97%
8 milCroatian
96%
10 milCzech
96%
12 milSerbian
96%
9 milBelarusian
91%
2,2 milMacedonian
91%
2,5 milSlovenian
88%
3 milBosnian
87%
232 kMontenegrin
68%

Score Distribution

Percentile by Number Answered

Percent of People with Each Score

Your Score History

You have not taken this quiz